000 00645nam a2200241Ia 4500
003 OSt
005 20221005042603.0
006 a|||||r|||| 00| 0
007 ta
008 221004b |||||||| |||| 00| 0 eng d
024 _a55644
037 _cTextual
040 _aCRL
_cCRL
_beng
041 _2eng
_aeng
082 _aO111,1J72:g, K6
100 _aGuss Donald L
_9590634
245 0 _aJohn Donne, Petrarchist
260 _aDetroit
_bWayne State University Press
_c1966
300 _a230p.
_ccm.
650 _aENGLISH LITERATURE
942 _hO111,1J72:g, K6
_cTEXL
_2cc
999 _c950510
_d950510